ARRUPE JESUIT UNIVERSITY

CORONAVIRUS -STOP THE SPREAD - CLEAN,DISINFECT,COVER

Mystical writings. (Record no. 120974)

MARC details
000 -LEADER
fixed length control field 01156cam a2200313I 4500
001 - CONTROL NUMBER
control field 4601534
003 - CONTROL NUMBER IDENTIFIER
control field ARRUPE
005 - DATE AND TIME OF LATEST TRANSACTION
control field 20140925135231.0
008 - FIXED-LENGTH DATA ELEMENTS--GENERAL INFORMATION
fixed length control field 750228s1960 pau b 000 0 eng u
010 ## - LIBRARY OF CONGRESS CONTROL NUMBER
LC control number 60005053
035 ## - SYSTEM CONTROL NUMBER
System control number (OCoLC)ocm01193733
035 ## - SYSTEM CONTROL NUMBER
System control number (NNC)4601534
040 ## - CATALOGING SOURCE
Transcribing agency OTC
Modifying agency PLT
-- OCL
-- OCLCQ
041 1# - LANGUAGE CODE
Language code of text/sound track or separate title eng
Language code of original and/or intermediate translations of text gmh
050 0# - LIBRARY OF CONGRESS CALL NUMBER
Classification number BV5080
Item number .M46
098 ## - OTHER CLASSIFICATION SCHEMES (OCLC)
Call number based on other classification scheme JG4
300 ## - PHYSICAL DESCRIPTION
Dimensions 21 cm.
100 1# - MAIN ENTRY--PERSONAL NAME
Personal name Merswin, Rulman,
Dates associated with a name 1307-1382.
9 (RLIN) 11711
245 10 - TITLE STATEMENT
Title Mystical writings.
Statement of responsibility, etc Edited and interpreted by Thomas S. Kepler.
260 ## - PUBLICATION, DISTRIBUTION, ETC. (IMPRINT)
Place of publication, distribution, etc Philadelphia,
Name of publisher, distributor, etc Westminster Press
Date of publication, distribution, etc [1960]
300 ## - PHYSICAL DESCRIPTION
Extent 143 p.
500 ## - GENERAL NOTE
General note Contains a translation of the author's Vier anfangende Jahre (The four beginning years) and Das Buch von den neun Felsen (The book of the nine rocks).
504 ## - BIBLIOGRAPHY, ETC. NOTE
Bibliography, etc Bibliography: p. 35-36.
650 #0 - SUBJECT ADDED ENTRY--TOPICAL TERM
Topical term or geographic name as entry element Mysticism
General subdivision History
Chronological subdivision Middle Ages, 600-1500.
9 (RLIN) 2246
700 1# - ADDED ENTRY--PERSONAL NAME
Personal name Merswin, Rulman,
Dates associated with a name 1307-1382.
Title of a work Vier anfangende Jahre.
9 (RLIN) 11712
700 1# - ADDED ENTRY--PERSONAL NAME
Personal name Merswin, Rulman,
Dates associated with a name 1307-1382.
Title of a work Neunfelsenbuch.
9 (RLIN) 11713
700 1# - ADDED ENTRY--PERSONAL NAME
Personal name Kepler, Thomas S.
Fuller form of name (Thomas Samuel),
Dates associated with a name 1897-,
Relator term editor,
-- translator.
9 (RLIN) 11714
942 ## - ADDED ENTRY ELEMENTS (KOHA)
Source of classification or shelving scheme Library of Congress Classification
Koha item type Monograph ( Printed materials)
Holdings
Withdrawn status Lost status Source of classification or shelving scheme Damaged status Not for loan Home library Current library Date acquired Total Checkouts Full call number Barcode Date last seen Price effective from Koha item type
    Library of Congress Classification     ARRUPE LIBRARY ARRUPE LIBRARY 25/09/2014   BV5080 .M54 K38 46500000277 24/01/2017 25/09/2014 Monograph ( Printed materials)

 

Arrupe Library. PO Box MP320 Mt Pleasant, Harare, Zimbabwe
263 242 745411|librarian@aju.ac.zw